[Event "ODJM B 2022"]
[Site "Willingen GER"]
[Date "2022.06.06"]
[Round "3"]
[White "Fellberg, Justus"]
[Black "Schilay, Maria"]
[Result "1/2-1/2"]
[Termination "normal"]
[Board "9"]
[WhiteElo "1262"]
[BlackElo "1568"]
[WhiteClock "00:47:40"]
[BlackClock "00:09:41"]
[PlyCount "132"]
[WhiteFideId "34608990"]
[BlackFideId "12942979"]
[EventCountry "GER"]
[EventRounds "9"]
[EventType "swiss"]
[EventDate "2022.06.04"]

1. e4 {[%clk 1:30:58]} e5 {[%clk 1:30:52]} 2. Nf3 {[%clk 1:31:25]} Nc6 {[%clk
1:31:13]} 3. d4 {[%clk 1:31:52]} exd4 {[%clk 1:31:23]} 4. Bc4 {[%clk 1:31:47]}
Nf6 {[%clk 1:31:31]} 5. O-O {[%clk 1:32:12]} d6 {[%clk 1:29:33]} 6. Ng5 {[%clk
1:29:18]} Ne5 {[%clk 1:28:23]} 7. Qxd4 {[%clk 1:25:29]} Nxc4 {[%clk 1:24:23]}
8. Qxc4 {[%clk 1:25:30]} Qe7 {[%clk 1:24:29]} 9. Nc3 {[%clk 1:22:13]} Be6
{[%clk 1:14:40]} 10. Nxe6 {[%clk 1:21:02]} fxe6 {[%clk 1:15:00]} 11. Bg5 {[%clk
1:14:51]} c6 {[%clk 0:53:07]} 12. Rfe1 {[%clk 1:08:50]} Qf7 {[%clk 0:46:52]}
13. Rad1 {[%clk 1:01:56]} Be7 {[%clk 0:44:00]} 14. Qb4 {[%clk 0:56:41]} Rb8
{[%clk 0:36:43]} 15. Qd4 {[%clk 0:52:29]} e5 {[%clk 0:29:10]} 16. Qxa7 {[%clk
0:47:05]} O-O {[%clk 0:27:09]} 17. Bxf6 {[%clk 0:45:49]} Qxf6 {[%clk 0:27:16]}
18. Qe3 {[%clk 0:46:00]} Rf7 {[%clk 0:22:54]} 19. Kh1 {[%clk 0:41:44]} Qxf2
{[%clk 0:18:32]} 20. Qxf2 {[%clk 0:37:40]} Rxf2 {[%clk 0:18:48]} 21. Re2 {[%clk
0:37:59]} Rbf8 {[%clk 0:18:16]} 22. Kg1 {[%clk 0:36:59]} Rxe2 {[%clk 0:13:52]}
23. Nxe2 {[%clk 0:37:22]} Kf7 {[%clk 0:12:22]} 24. Rf1+ {[%clk 0:37:03]} Ke6
{[%clk 0:12:38]} 25. Rxf8 {[%clk 0:35:42]} Bxf8 {[%clk 0:12:57]} 26. c4 {[%clk
0:35:27]} Be7 {[%clk 0:10:29]} 27. Nc3 {[%clk 0:34:20]} Bg5 {[%clk 0:09:42]}
28. Kf2 {[%clk 0:33:34]} Bd2 {[%clk 0:06:41]} 29. Na4 {[%clk 0:31:19]} Ba5
{[%clk 0:04:33]} 30. b3 {[%clk 0:29:48]} b5 {[%clk 0:03:12]} 31. cxb5 {[%clk
0:30:13]} cxb5 {[%clk 0:03:32]} 32. Nb2 {[%clk 0:30:37]} Bc3 {[%clk 0:03:27]}
33. Nd3 {[%clk 0:30:39]} b4 {[%clk 0:02:50]} 34. Ke2 {[%clk 0:30:15]} Kd7
{[%clk 0:02:16]} 35. Nf2 {[%clk 0:30:02]} Kc6 {[%clk 0:02:03]} 36. h3 {[%clk
0:28:38]} Kc5 {[%clk 0:01:21]} 37. Kd3 {[%clk 0:28:37]} g6 {[%clk 0:01:32]} 38.
Ng4 {[%clk 0:27:15]} Bd4 {[%clk 0:01:25]} 39. Nf6 {[%clk 0:27:21]} h6 {[%clk
0:01:14]} 40. Ng8 {[%clk 0:27:04]} h5 {[%clk 0:01:22]} 41. Ne7 {[%clk 0:27:27]}
g5 {[%clk 0:01:29]} 42. Ng8 {[%clk 0:27:41]} Bb2 {[%clk 0:00:41]} 43. Nf6
{[%clk 0:27:46]} h4 {[%clk 0:00:51]} 44. Nd7+ {[%clk 0:25:52]} Kb5 {[%clk
0:27:32]} 45. Nf6 {[%clk 0:55:20]} Kc5 {[%clk 0:24:54]} 46. Nd7+ {[%clk
0:54:37]} Kb5 {[%clk 0:24:44]} 47. Nf8 {[%clk 0:55:02]} Bc1 {[%clk 0:23:28]}
48. Ne6 {[%clk 0:54:01]} Bf4 {[%clk 0:21:37]} 49. Nf8 {[%clk 0:52:41]} Bc1
{[%clk 0:21:23]} 50. Nh7 {[%clk 0:52:57]} Kc5 {[%clk 0:20:35]} 51. Nf6 {[%clk
0:53:19]} Bb2 {[%clk 0:19:41]} 52. Ng4 {[%clk 0:53:11]} Bc1 {[%clk 0:19:03]}
53. Nh2 {[%clk 0:52:22]} Bf4 {[%clk 0:17:24]} 54. Nf3 {[%clk 0:52:43]} Kb5
{[%clk 0:15:55]} 55. Ne1 {[%clk 0:51:50]} Kc5 {[%clk 0:13:59]} 56. Nc2 {[%clk
0:52:15]} Bc1 {[%clk 0:14:12]} 57. Ke2 {[%clk 0:50:58]} Bf4 {[%clk 0:12:05]}
58. a4 {[%clk 0:48:25]} bxa3 {[%clk 0:10:48]} 59. Nxa3 Kb4 {[%clk 0:10:50]} 60.
Nc4 {[%clk 0:49:10]} Kxb3 {[%clk 0:10:58]} 61. Nxd6 {[%clk 0:49:33]} Kc3 {[%clk
0:10:51]} 62. Kf3 {[%clk 0:49:54]} Kd3 {[%clk 0:10:33]} 63. Nf5 {[%clk
0:49:33]} Kd2 {[%clk 0:09:57]} 64. Nh6 {[%clk 0:48:58]} Kd3 {[%clk 0:09:54]}
65. Ng4 {[%clk 0:49:20]} Kd4 {[%clk 0:09:41]} 66. Nf6 {[%clk 0:47:40]} Kd3
1/2-1/2

[Event "ODJM B 2022"]
[Site "Willingen GER"]
[Date "2022.06.06"]
[Round "3"]
[White "Abou Wally, Adrian"]
[Black "Hartwig, Eric-Jordan"]
[Result "1/2-1/2"]
[Termination "normal"]
[Board "10"]
[WhiteElo "1601"]
[BlackElo "1510"]
[WhiteClock "00:02:07"]
[BlackClock "00:17:29"]
[PlyCount "53"]
[WhiteFideId "16245113"]
[BlackFideId "16298454"]
[EventCountry "GER"]
[EventRounds "9"]
[EventType "swiss"]
[EventDate "2022.06.04"]

1. e4 {[%clk 1:30:57]} c5 {[%clk 1:30:52]} 2. Nc3 {[%clk 1:31:23]} Nc6 {[%clk
1:30:10]} 3. Bb5 {[%clk 1:31:48]} d6 {[%clk 1:29:48]} 4. Bxc6+ {[%clk 1:30:37]}
bxc6 {[%clk 1:30:12]} 5. Nge2 {[%clk 1:30:51]} Nf6 {[%clk 1:26:49]} 6. d3
{[%clk 1:28:14]} e5 {[%clk 1:26:18]} 7. O-O {[%clk 1:25:43]} Be7 {[%clk
1:25:27]} 8. f4 {[%clk 1:23:16]} exf4 9. Bxf4 {[%clk 1:19:07]} O-O {[%clk
1:15:13]} 10. Ng3 {[%clk 0:53:38]} Ng4 {[%clk 1:04:12]} 11. h3 {[%clk 0:42:22]}
Ne5 {[%clk 1:04:28]} 12. Bxe5 {[%clk 0:38:44]} dxe5 {[%clk 1:04:28]} 13. Qf3
{[%clk 0:31:44]} c4 {[%clk 0:57:32]} 14. Kh1 {[%clk 0:26:50]} cxd3 {[%clk
0:55:39]} 15. cxd3 {[%clk 0:23:06]} g6 {[%clk 0:50:53]} 16. Rad1 {[%clk
0:19:55]} Rb8 {[%clk 0:49:36]} 17. b3 {[%clk 0:17:41]} Qa5 {[%clk 0:46:50]} 18.
d4 {[%clk 0:14:21]} Bb4 {[%clk 0:44:42]} 19. Na4 {[%clk 0:12:30]} exd4 {[%clk
0:37:07]} 20. Rxd4 {[%clk 0:12:47]} c5 {[%clk 0:36:33]} 21. Rdd1 {[%clk
0:11:18]} c4 {[%clk 0:35:36]} 22. Rd5 {[%clk 0:08:31]} Qa6 {[%clk 0:33:26]} 23.
Nh5 {[%clk 0:06:46]} f5 {[%clk 0:20:53]} 24. Ng3 {[%clk 0:03:45]} cxb3 {[%clk
0:19:44]} 25. axb3 Bb7 {[%clk 0:18:06]} 26. Rd4 {[%clk 0:02:14]} fxe4 {[%clk
0:17:29]} 27. Qd1 {[%clk 0:02:07]} 1/2-1/2

[Event "ODJM B 2022"]
[Site "Willingen GER"]
[Date "2022.06.06"]
[Round "3"]
[White "Schilay, Eva"]
[Black "Tornay, Aritz"]
[Result "0-1"]
[Termination "normal"]
[Board "11"]
[WhiteElo "1691"]
[BlackElo "1765"]
[WhiteClock "00:02:46"]
[BlackClock "00:02:28"]
[PlyCount "62"]
[WhiteFideId "12930164"]
[BlackFideId "16205740"]
[EventCountry "GER"]
[EventRounds "9"]
[EventType "swiss"]
[EventDate "2022.06.04"]

1. e4 {[%clk 1:30:57]} c5 {[%clk 1:30:55]} 2. Nc3 {[%clk 1:30:37]} Nc6 {[%clk
1:31:18]} 3. d3 {[%clk 1:30:58]} g6 {[%clk 1:31:42]} 4. g3 {[%clk 1:31:03]} Bg7
{[%clk 1:31:46]} 5. Bg2 Rb8 {[%clk 1:31:51]} 6. Be3 {[%clk 1:30:05]} b5 {[%clk
1:31:56]} 7. Bxc5 {[%clk 1:08:43]} Qa5 {[%clk 1:32:16]} 8. d4 {[%clk 1:04:34]}
b4 {[%clk 1:22:52]} 9. Nce2 {[%clk 0:58:54]} d6 {[%clk 1:15:49]} 10. e5 {[%clk
0:56:30]} Qc7 {[%clk 1:09:53]} 11. exd6 {[%clk 0:50:05]} exd6 {[%clk 1:10:05]}
12. d5 {[%clk 0:50:09]} dxc5 {[%clk 1:02:03]} 13. dxc6 {[%clk 0:49:09]} Ne7
{[%clk 0:50:39]} 14. c3 {[%clk 0:36:11]} bxc3 {[%clk 0:41:20]} 15. bxc3 {[%clk
0:36:27]} O-O {[%clk 0:37:35]} 16. Nf3 {[%clk 0:32:20]} Ba6 {[%clk 0:32:44]}
17. O-O {[%clk 0:19:39]} Rb2 {[%clk 0:31:24]} 18. Nf4 {[%clk 0:12:09]} Bxf1
{[%clk 0:30:03]} 19. Qxf1 {[%clk 0:12:12]} Nxc6 {[%clk 0:15:24]} 20. Nd3 {[%clk
0:10:35]} Rc2 {[%clk 0:15:21]} 21. Nxc5 {[%clk 0:08:38]} Rxc3 {[%clk 0:13:37]}
22. Ne4 {[%clk 0:08:02]} Rxf3 {[%clk 0:10:50]} 23. Rc1 {[%clk 0:02:51]} Ra3
{[%clk 0:09:49]} 24. Qc4 {[%clk 0:02:36]} Rc8 {[%clk 0:05:59]} 25. Ng5 {[%clk
0:02:04]} Bh6 {[%clk 0:04:09]} 26. h4 {[%clk 0:01:54]} Bxg5 {[%clk 0:04:23]}
27. hxg5 {[%clk 0:02:24]} Qb6 {[%clk 0:04:32]} 28. Qg4 {[%clk 0:02:18]} Rc7
{[%clk 0:04:13]} 29. Qc4 {[%clk 0:02:14]} Ra6 {[%clk 0:02:35]} 30. Kh2 {[%clk
0:02:32]} Rc8 {[%clk 0:02:43]} 31. Kg1 {[%clk 0:02:46]} Ne7 {[%clk 0:02:28]}
0-1

[Event "ODJM B 2022"]
[Site "Willingen GER"]
[Date "2022.06.06"]
[Round "3"]
[White "Ermert, Karl Hans Ragnar"]
[Black "Birkenheier, Nicolas"]
[Result "1-0"]
[Termination "normal"]
[Board "13"]
[WhiteElo "1662"]
[BlackElo "1350"]
[PlyCount "83"]
[WhiteFideId "16275675"]
[BlackFideId "16287100"]
[EventCountry "GER"]
[EventRounds "9"]
[EventType "swiss"]
[EventDate "2022.06.04"]

1. e4 e5 2. Nf3 Nc6 3. Bb5 a6 4. Ba4 Nf6 5. d3 b5 6. Bb3 Bc5 7. O-O O-O 8. a4
Bb7 9. Nc3 b4 10. Ne2 Re8 11. a5 d6 12. Ng3 Ne7 13. Bg5 Ng6 14. Nh5 c6 15. Nh4
d5 16. Nf5 Bf8 17. Qf3 Re6 18. Nh6+ gxh6 19. Bxf6 Qd7 20. Qg4 Rd6 21. Qg3 Re8
22. Rae1 d4 23. f4 exf4 24. Rxf4 Bc8 25. e5 Rde6 26. Bxe6 Rxe6 27. Ref1 Be7 28.
Bxe7 Qxe7 29. Nf6+ Kg7 30. h4 Rxe5 31. Ng4 Bxg4 32. Qxg4 Kf8 33. Rf6 Re1 34. h5
Qxf6 35. Rxe1 Ne5 36. Qe4 Nd7 37. Qe8+ Kg7 38. Qxd7 Qh4 39. Qe7 Qg4 40. Rf1
Qxh5 41. Qf6+ Kg8 42. Re1 1-0

[Event "ODJM B 2022"]
[Site "Willingen GER"]
[Date "2022.06.06"]
[Round "3"]
[White "Paqarizi, Endrit"]
[Black "Ruddat, Jarne"]
[Result "0-1"]
[Termination "normal"]
[Board "14"]
[WhiteElo "1380"]
[BlackElo "1415"]
[PlyCount "60"]
[WhiteFideId "16235827"]
[BlackFideId "16254236"]
[EventCountry "GER"]
[EventRounds "9"]
[EventType "swiss"]
[EventDate "2022.06.04"]

1. d4 Nf6 2. Nc3 d5 3. Bf4 c5 4. e3 cxd4 5. exd4 a6 6. Nf3 Nc6 7. Be2 Bg4 8.
Ne5 Bxe2 9. Nxe2 Rc8 10. c3 e6 11. O-O Be7 12. Ng3 O-O 13. Re1 b5 14. Qd3 Na5
15. Bg5 Nc4 16. Rab1 h6 17. Bc1 b4 18. Nxc4 Rxc4 19. Bd2 Qb6 20. b3 Rc6 21. c4
a5 22. c5 Qb8 23. Bf4 Qxf4 24. Rbd1 Rd8 25. h3 Qb8 26. Nf1 Nd7 27. Ne3 Bf6 28.
Ng4 h5 29. Nxf6+ Nxf6 30. Re5 Rxc5 0-1

[Event "ODJM B 2022"]
[Site "Willingen GER"]
[Date "2022.06.06"]
[Round "3"]
[White "Kanno, Clara Yumi"]
[Black "Tryfon, Konstantin"]
[Result "1-0"]
[Termination "normal"]
[Board "15"]
[WhiteElo "1182"]
[BlackElo "1634"]
[PlyCount "106"]
[WhiteFideId "16259661"]
[BlackFideId "16282353"]
[EventCountry "GER"]
[EventRounds "9"]
[EventType "swiss"]
[EventDate "2022.06.04"]

1. d4 d5 2. Nf3 e6 3. Bf4 Nf6 4. h3 c5 5. e3 Nc6 6. c3 Bd6 7. Bxd6 Qxd6 8. Bd3
O-O 9. Nbd2 Re8 10. O-O e5 11. dxe5 Nxe5 12. Nxe5 Rxe5 13. Nf3 Rh5 14. Be2 Rh6
15. Qc2 Ne4 16. Nh2 Rg6 17. Bg4 Bxg4 18. Nxg4 Qe6 19. f4 f5 20. Ne5 Rg3 21. Qe2
Qh6 22. Kh2 g5 23. Rf3 gxf4 24. exf4 Rg7 25. Rd1 Qe6 26. a3 Rd8 27. Rfd3 Re7
28. Qf3 b5 29. b4 Rc7 30. Qe3 a6 31. g3 Rg7 32. Rg1 Qd6 33. Nf3 Re7 34. Ne5 Qc7
35. Rgd1 cxb4 36. axb4 Rg7 37. Qd4 Kh8 38. Rg1 Rd6 39. Rg2 a5 40. bxa5 Qxa5 41.
Nf7+ Kg8 42. Nxd6 Nxd6 43. Qxd5+ Nf7 44. Qxf5 Qa8 45. Qxb5 Rg6 46. Re3 Qa1 47.
Qb2 Qa8 48. c4 Rc6 49. Rc3 Nd6 50. c5 Ne4 51. Qb3+ Kh8 52. Rc4 Nxc5 53. Qc3+
Kg8 1-0

[Event "ODJM B 2022"]
[Site "Willingen GER"]
[Date "2022.06.06"]
[Round "3"]
[White "Günther, Arthur"]
[Black "Schotthöfer, Samira"]
[Result "1-0"]
[Termination "normal"]
[Board "17"]
[WhiteElo "1579"]
[BlackElo "1304"]
[WhiteFideId "16230078"]
[BlackFideId "16243455"]
[EventCountry "GER"]
[EventRounds "9"]
[EventType "swiss"]
[EventDate "2022.06.04"]

1. d4 Nf6 2. Nf3 g6 3. Nc3 Bg7 4. e4 d6 5. Be3 O-O 6. Qd2 Nbd7 7. Bh6 c5 8. h4
cxd4 9. Nxd4 Ne5 10. Bxg7 Kxg7 11. O-O-O Bd7 12. f4 Nc6 13. Nxc6 Bxc6 14. Qd4
Qd7 15. Be2 Rad8 16. g4 e5 17. fxe5 dxe5 18. Qxe5 Rfe8 19. Rxd7 Rxe5 1-0

[Event "ODJM B 2022"]
[Site "Willingen GER"]
[Date "2022.06.06"]
[Round "3"]
[White "Uhlmann, Jonas"]
[Black "Visvikis, Kassandra"]
[Result "0-1"]
[Termination "normal"]
[Board "18"]
[WhiteElo "1315"]
[BlackElo "1626"]
[PlyCount "178"]
[WhiteFideId "16258576"]
[BlackFideId "36052167"]
[EventCountry "GER"]
[EventRounds "9"]
[EventType "swiss"]
[EventDate "2022.06.04"]

1. e4 e5 2. Nf3 Nc6 3. d4 exd4 4. Bc4 Bc5 5. c3 Nf6 6. cxd4 Bb4+ 7. Bd2 d5 8.
e5 Bxd2+ 9. Nbxd2 dxc4 10. exf6 Qxf6 11. O-O Nxd4 12. Nxd4 Qxd4 13. Qa4+ c6 14.
Qc2 O-O 15. Rad1 Qf4 16. Nxc4 Bf5 17. Qc3 Rad8 18. Ne3 Be6 19. a3 Qg5 20. Rfe1
h5 21. Nc4 Bd5 22. Ne3 Bf3 23. Rxd8 Rxd8 24. h4 Qg6 25. Qe5 f6 26. Qc7 Re8 27.
Qg3 Qxg3 28. fxg3 Bg4 29. Kf2 Rd8 30. Nxg4 hxg4 31. Re2 Kf7 32. Rc2 f5 33. Ke3
Kf6 34. a4 Re8+ 35. Kf2 Re4 36. b3 g5 37. a5 gxh4 38. gxh4 f4 39. Rc3 Rb4 40.
a6 Ke5 41. axb7 Rxb7 42. Rxc6 Rxb3 43. h5 g3+ 44. Ke2 Rb2+ 45. Kf3 Rf2+ 46. Kg4
Rxg2 47. Rc1 Rf2 48. h6 Rh2 49. Re1+ Kd4 50. Kxf4 g2 51. Rg1 Rxh6 52. Rxg2 Rf6+
53. Kg5 Rf8 54. Ra2 Ra8 55. Kf6 a5 56. Ke6 Kc3 57. Kd5 a4 58. Kc5 Kb3 59. Rh2
Rc8+ 60. Kb5 a3 61. Rh3+ Rc3 62. Rh4 Kb2 63. Ra4 a2 64. Kb4 Rc2 65. Ra8 a1=Q
66. Rxa1 Kxa1 67. Kb3 Rb2+ 68. Kc3 Kb1 69. Kd3 Rc2 70. Kd4 Kc1 71. Kd5 Rc3 72.
Kd4 Kd2 73. Kd5 Kd3 74. Ke5 Rc4 75. Kd5 Rd4+ 76. Ke5 Ke3 77. Kf5 Re4 78. Kf6
Kf4 79. Kf7 Kg5 80. Kg7 Re6 81. Kf7 Kf5 82. Kf8 Kf6 83. Kg8 Re7 84. Kf8 Rg7 85.
Ke8 Rf7 86. Kd8 Ke5 87. Ke8 Ke6 88. Kd8 Rh7 89. Ke8 Rh8# 0-1

[Event "ODJM B 2022"]
[Site "Willingen GER"]
[Date "2022.06.06"]
[Round "3"]
[White "Schwarz, David"]
[Black "Morio, Estelle"]
[Result "1/2-1/2"]
[Termination "normal"]
[Board "20"]
[WhiteElo "1244"]
[BlackElo "1823"]
[PlyCount "51"]
[WhiteFideId "16287614"]
[BlackFideId "12951951"]
[EventCountry "GER"]
[EventRounds "9"]
[EventType "swiss"]
[EventDate "2022.06.04"]

1. e4 d6 2. d4 Nf6 3. Nc3 Nbd7 4. f4 e5 5. Nf3 exd4 6. Qxd4 c6 7. Bd2 d5 8.
O-O-O Bc5 9. Qd3 dxe4 10. Nxe4 O-O 11. Bc3 Nxe4 12. Qxe4 Qe7 13. Qxe7 Bxe7 14.
Bc4 Bf6 15. Bxf6 Nxf6 16. Rhe1 Bg4 17. Re7 b5 18. Bb3 c5 19. Bd5 Nxd5 20. Rxd5
Rfc8 21. f5 Bxf3 22. gxf3 a6 23. Rdd7 Rf8 24. Ra7 h6 25. b3 c4 26. bxc4 1/2-1/2

[Event "ODJM B 2022"]
[Site "Willingen GER"]
[Date "2022.06.06"]
[Round "3"]
[White "Bouhadjer, Youcef"]
[Black "Bakó, Evelin"]
[Result "1-0"]
[Termination "normal"]
[Board "21"]
[WhiteElo "1630"]
[BlackElo "1214"]
[PlyCount "73"]
[WhiteFideId "16251539"]
[BlackFideId "16271823"]
[EventCountry "GER"]
[EventRounds "9"]
[EventType "swiss"]
[EventDate "2022.06.04"]

1. e4 e5 2. Bc4 Nf6 3. d3 Bc5 4. h3 O-O 5. Nf3 d6 6. a4 a5 7. O-O Nc6 8. c3 Bb6
9. Be3 Bxe3 10. fxe3 d5 11. exd5 Nxd5 12. Qe2 Re8 13. Nbd2 h6 14. Rad1 Nf6 15.
e4 Be6 16. Qf2 Qe7 17. Qg3 Nh5 18. Qf2 Nf4 19. Nxe5 Nxh3+ 20. gxh3 Nxe5 21.
Bxe6 Qxe6 22. Qg3 c5 23. Rf5 c4 24. d4 Ng6 25. Rdf1 Rf8 26. e5 Ra6 27. Ne4 b6
28. Nd6 Ra7 29. h4 Kh7 30. h5 Ne7 31. Rxf7 Rxf7 32. Rxf7 Nf5 33. Qg6+ Qxg6+ 34.
hxg6+ Kxg6 35. Rxa7 Nxd6 36. exd6 Kf6 37. Re7 1-0

[Event "ODJM B 2022"]
[Site "Willingen GER"]
[Date "2022.06.06"]
[Round "3"]
[White "Kullmann, Theo"]
[Black "Glotz, Richard"]
[Result "0-1"]
[Termination "normal"]
[Board "23"]
[WhiteElo "1506"]
[BlackElo "1607"]
[PlyCount "62"]
[WhiteFideId "16218582"]
[BlackFideId "34601520"]
[EventCountry "GER"]
[EventRounds "9"]
[EventType "swiss"]
[EventDate "2022.06.04"]

1. e4 c5 2. d3 Nc6 3. f4 g6 4. g3 Bg7 5. Nc3 d6 6. Bg2 Rb8 7. Rb1 e6 8. Nf3
Nge7 9. O-O O-O 10. Be3 Nd4 11. Ne2 Nxf3+ 12. Bxf3 b6 13. Bg2 Bb7 14. c3 f5 15.
Qb3 Qd7 16. Rbd1 Rfc8 17. Rd2 Kh8 18. h3 d5 19. Bf2 dxe4 20. Rfd1 Rd8 21. d4 c4
22. Qxc4 Nd5 23. Rc2 Bc6 24. a3 Ba4 25. Rcd2 e3 26. Be1 exd2 27. Rxd2 Ne3 28.
Qd3 Nxg2 29. Kxg2 Qd5+ 30. Kf1 Bc6 31. Ng1 Bb5 0-1

[Event "ODJM B 2022"]
[Site "Willingen GER"]
[Date "2022.06.06"]
[Round "3"]
[White "Wehrle, Valentin"]
[Black "Frydel, Marcel"]
[Result "0-1"]
[Termination "normal"]
[Board "24"]
[WhiteElo "1522"]
[BlackElo "1251"]
[PlyCount "86"]
[WhiteFideId "65600355"]
[BlackFideId "16245733"]
[EventCountry "GER"]
[EventRounds "9"]
[EventType "swiss"]
[EventDate "2022.06.04"]

1.d4 d5 2. c4 Bf5 3. Nf3 e6 4. g3 c6 5. Bg2 Nf6 6. O-O Bd6 7. Nbd2 O-O 8. Re1
Re8 9. c5 Bc7 10. a3 a5 11. Nh4 Bg6 12. Nxg6 hxg6 13. e4 e5 14. exd5 Nxd5 15.
dxe5 Rxe5 16. Nf3 Rxe1+ 17. Qxe1 Nd7 18. Be3 Qe7 19. Rc1 Re8 20. Bd2 Qf8 21.
Qf1 Nxc5 22. b4 Nb3 23. Rb1 Nxd2 24. Nxd2 axb4 25. Bxd5 cxd5 26. axb4 Rd8 27.
b5 Qd6 28. Qd3 Bb6 29. Nf3 Qc5 30. Qd2 d4 31. Kg2 d3 32. Ne1 Kf8 33. Kf1 Qd5
34. Kg1 Rd6 35. Rb2 g5 36. Rb1 Rf6 37. Rd1 Bxf2+ 38. Qxf2 Rxf2 39. Kxf2 Qc5+
40. Kg2 Qd5+ 41. Kg1 Qd4+ 42. Kg2 Qe4+ 43. Kg1 Qe2 0-1

[Event "ODJM B 2022"]
[Site "Willingen GER"]
[Date "2022.06.06"]
[Round "3"]
[White "Müller, Anker"]
[Black "Vollmer, Jan"]
[Result "1-0"]
[Termination "normal"]
[Board "25"]
[WhiteElo "1509"]
[BlackElo "1540"]
[PlyCount "85"]
[WhiteFideId "1472070"]
[BlackFideId "16287649"]
[EventCountry "GER"]
[EventRounds "9"]
[EventType "swiss"]
[EventDate "2022.06.04"]

1. e4 c5 2. Nf3 a6 3. d4 cxd4 4. Nxd4 Nc6 5. Be3 e6 6. Nc3 Nge7 7. Be2 g6 8.
O-O Bg7 9. Qd2 h5 10. f4 d5 11. Nxc6 bxc6 12. Rad1 O-O 13. Bd4 e5 14. Bxe5 Bxe5
15. fxe5 Bb7 16. exd5 cxd5 17. Bf3 Qb6+ 18. Rf2 Rad8 19. Qd4 Qxd4 20. Rxd4 Nf5
21. Rb4 d4 22. Rxb7 dxc3 23. bxc3 Ne3 24. Rb6 Rfe8 25. Rd6 Rc8 26. Rd3 Rxe5 27.
Bb7 Rce8 28. Bxa6 Ng4 29. Rf1 Re1 30. Rd1 Rxf1+ 31. Rxf1 Re4 32. h3 Ne5 33. Bd3
Ra4 34. Ra1 Ra3 35. Kf2 Rxc3 36. Ke3 Nc6 37. a4 Rc5 38. Ra2 Ra5 39. Bb5 Nb4 40.
Rb2 Nd5+ 41. Kd4 Nb6 42. c4 Nxa4 43. Ra2 1-0

[Event "ODJM B 2022"]
[Site "Willingen GER"]
[Date "2022.06.06"]
[Round "3"]
[White "Rotärmel, Leonie"]
[Black "Hornstein, Leonhard Orell"]
[Result "1-0"]
[Termination "normal"]
[Board "26"]
[WhiteElo "1486"]
[BlackElo "1214"]
[PlyCount "37"]
[WhiteFideId "16281390"]
[BlackFideId "16254643"]
[EventCountry "GER"]
[EventRounds "9"]
[EventType "swiss"]
[EventDate "2022.06.04"]

1. e4 c5 2. Nf3 e6 3. d4 cxd4 4. Nxd4 Nc6 5. Nc3 Qc7 6. Be2 a6 7. a3 b5 8. O-O
Bb7 9. Nb3 Nf6 10. f4 d6 11. Be3 Rd8 12. Bf3 Be7 13. Qd2 d5 14. exd5 exd5 15.
Qf2 d4 16. Bxc6+ Bxc6 17. Bxd4 Qc8 18. Rae1 O-O 19. Rxe7 1-0

[Event "ODJM B 2022"]
[Site "Willingen GER"]
[Date "2022.06.11"]
[Round "9"]
[White "Brunner, Alexander"]
[Black "Hofmann, Benjamin"]
[Result "0-1"]
[Termination "normal"]
[Board "11"]
[WhiteElo "1666"]
[BlackElo "1483"]
[WhiteClock "01:11:27"]
[BlackClock "01:07:35"]
[PlyCount "64"]
[WhiteFideId "12965278"]
[BlackFideId "16270266"]
[EventCountry "GER"]
[EventRounds "9"]
[EventType "swiss"]
[EventDate "2022.06.04"]

1. d4 {[%clk 1:30:58]} d5 {[%clk 1:30:54]} 2. Nc3 {[%clk 1:31:24]} e6 {[%clk
1:31:13]} 3. Bf4 {[%clk 1:31:49]} c6 {[%clk 1:31:25]} 4. e3 {[%clk 1:32:02]}
Bd6 {[%clk 1:31:05]} 5. Qg4 {[%clk 1:28:36]} g6 {[%clk 1:28:27]} 6. Nf3 {[%clk
1:27:15]} e5 {[%clk 1:25:10]} 7. Qg3 {[%clk 1:24:41]} exf4 {[%clk 1:25:29]} 8.
exf4 {[%clk 1:24:58]} Nf6 {[%clk 1:25:22]} 9. Ne5 {[%clk 1:25:05]} O-O {[%clk
1:20:22]} 10. O-O-O {[%clk 1:24:32]} Bxe5 {[%clk 1:18:02]} 11. fxe5 {[%clk
1:24:48]} Nh5 {[%clk 1:17:52]} 12. Qe3 {[%clk 1:24:42]} b5 {[%clk 1:17:29]} 13.
f3 {[%clk 1:23:33]} f5 {[%clk 1:15:21]} 14. Be2 {[%clk 1:22:09]} f4 {[%clk
1:15:10]} 15. Qf2 {[%clk 1:21:44]} a5 {[%clk 1:14:42]} 16. g4 {[%clk 1:21:09]}
Ng7 {[%clk 1:14:36]} 17. Bd3 {[%clk 1:19:46]} a4 {[%clk 1:14:27]} 18. g5 {[%clk
1:18:53]} Bf5 {[%clk 1:13:41]} 19. h4 {[%clk 1:18:30]} Nh5 {[%clk 1:13:49]} 20.
Qh2 {[%clk 1:17:16]} Qa5 {[%clk 1:13:02]} 21. Rd2 {[%clk 1:16:26]} a3 {[%clk
1:13:07]} 22. Nd1 {[%clk 1:15:23]} axb2+ {[%clk 1:13:18]} 23. Nxb2 {[%clk
1:14:55]} Qxa2 {[%clk 1:13:40]} 24. c3 {[%clk 1:15:05]} Ra3 {[%clk 1:13:37]}
25. Rc2 {[%clk 1:14:46]} Bxd3 {[%clk 1:10:34]} 26. Nxd3 {[%clk 1:15:07]} Qc4
{[%clk 1:10:34]} 27. Kd2 {[%clk 1:14:43]} Na6 {[%clk 1:09:03]} 28. e6 {[%clk
1:14:20]} b4 {[%clk 1:08:05]} 29. Qe2 {[%clk 1:10:40]} bxc3+ {[%clk 1:08:21]}
30. Ke1 {[%clk 1:10:51]} Ra1+ {[%clk 1:08:40]} 31. Kf2 {[%clk 1:11:05]} Rxh1
{[%clk 1:09:02]} 32. Kg2 {[%clk 1:11:27]} Ng3 {[%clk 1:07:35]} 0-1

[Event "ODJM B 2022"]
[Site "Willingen GER"]
[Date "2022.06.11"]
[Round "9"]
[White "Schilay, Maria"]
[Black "Hartwig, Eric-Jordan"]
[Result "1/2-1/2"]
[Termination "normal"]
[Board "13"]
[WhiteElo "1568"]
[BlackElo "1510"]
[PlyCount "52"]
[WhiteFideId "12942979"]
[BlackFideId "16298454"]
[EventCountry "GER"]
[EventRounds "9"]
[EventType "swiss"]
[EventDate "2022.06.04"]

1. e4 c5 2. Nc3 Nc6 3. g3 a6 4. Bg2 e6 5. d3 Nge7 6. Be3 d6 7. Qd2 b6 8. Nge2
Bb7 9. d4 e5 10. dxc5 dxc5 11. Rd1 Qc7 12. O-O Nd4 13. Nd5 Nxd5 14. exd5 Bd6
15. c4 O-O 16. b3 f5 17. f4 Nxe2+ 18. Qxe2 e4 19. Bd2 b5 20. Bc3 b4 21. Ba1 a5
22. a4 bxa3 23. Qa2 a4 24. Qxa3 axb3 25. Qxb3 Rfb8 26. Qc3 Ra7 1/2-1/2

[Event "ODJM B 2022"]
[Site "Willingen GER"]
[Date "2022.06.11"]
[Round "9"]
[White "Visvikis, Kassandra"]
[Black "Schwarz, David"]
[Result "1-0"]
[Termination "normal"]
[Board "14"]
[WhiteElo "1626"]
[BlackElo "1244"]
[PlyCount "67"]
[WhiteFideId "36052167"]
[BlackFideId "16287614"]
[EventCountry "GER"]
[EventRounds "9"]
[EventType "swiss"]
[EventDate "2022.06.04"]

1. e4 e5 2. Nf3 Nc6 3. Bc4 Nf6 4. Ng5 Bc5 5. Bxf7+ Ke7 6. Bd5 Rf8 7. O-O d6 8.
d3 Bg4 9. Qd2 Qe8 10. Nc3 h6 11. h3 Bd7 12. Na4 hxg5 13. Nxc5 dxc5 14. Qxg5 Kd8
15. f4 Qe7 16. Bxc6 Bxc6 17. fxe5 Nd7 18. Rxf8+ Nxf8 19. Qf5 Ne6 20. Be3 Kd7
21. Rf1 Rf8 22. Qg4 b5 23. c3 Rxf1+ 24. Kxf1 b4 25. cxb4 cxb4 26. Kg1 b3 27. a3
Ba4 28. d4 Ke8 29. d5 Nc5 30. e6 Nd3 31. Qh5+ g6 32. Qxg6+ Kf8 33. Bh6+ Qg7 34.
Qxg7+ 1-0